Economía y desarrollo urbano en Centroamérica. Contexto regional /

Sparad:
Bibliografiska uppgifter
Huvudupphovsman: Lungo Uclés, Mario
Övriga upphovsmän: coord, Polése, Mario
Materialtyp: Okänd
Publicerad: San José: FLACSO. Programa Costa Rica
Ämnen:
Taggar: Lägg till en tagg
Inga taggar, Lägg till första taggen!

MARC

LEADER 00000 a2200000 04500
001 11806
003
008 991231s d
040
090 |a 140802  
100 |a Lungo Uclés, Mario  
245 |a Economía y desarrollo urbano en Centroamérica. Contexto regional /  |c Mario Lungo Uclés 
260 |a San José:   |b FLACSO. Programa Costa Rica  
300 |a 270 p.  
650 |a DESARROLLO URBANO  
650 |a ECONOMIA URBANA  
650 |a PLANIFICACION URBANA  
650 |a CIUDADES  
650 |a DESARROLLO ECONOMICO  
650 |a CRECIMIENTO ECONOMICO  
700 |a coord  
700 |a Polése, Mario  
700 |a coord  
999 |c 13842  |d 13842